| 000 | 00452 a2200133 4500 | ||
|---|---|---|---|
| 001 | 92290 | ||
| 082 | _aPR 2555 | ||
| 090 |
_c44245 _d44246 |
||
| 100 | _aMirza Lehrasab Beg and Bazil Zafar; Prof Shoaib Arif and Irfan Shahid (Advisors) | ||
| 245 |
_aDesign and Fabrication of Switch delayed line phase shifter by using Liquid Metal Based RF Mems Switch _n78 "B" EC |
||
| 260 |
_aIslamabad _bNUST _c2015 |
||
| 300 | _a93p. | ||
| 500 | _aBE Project Reports | ||
| 942 |
_aCAE NUST _kPR 2555 |
||
| 999 |
_c327363 _d327363 |
||